The noble scholar, jurist, historian


 His Excellency Dr. Abdul Wahhab bin Ibrahim Abu Sulaiman, may Allah have mercy on him.


 He was born in Umm Al-Qura in the year 1356 AH.

موجز أسس الاقتصاد الإسلامي / (Record no. 3800)

MARC details
000 -LEADER
fixed length control field 01203cam a2200277 i 4500
003 - CONTROL NUMBER IDENTIFIER
control field SA-RiAUC
005 - DATE AND TIME OF LATEST TRANSACTION
control field 20241223072851.0
008 - FIXED-LENGTH DATA ELEMENTS--GENERAL INFORMATION
fixed length control field 241220s2000 ir g 000r0 ara c
040 ## - CATALOGING SOURCE
Original cataloging agency SA-JeALM
Language of cataloging ara
Transcribing agency SA-RiAUC
Description conventions rda
082 04 - DEWEY DECIMAL CLASSIFICATION NUMBER
Classification number 330.121
090 ## - LOCALLY ASSIGNED LC-TYPE CALL NUMBER (OCLC); LOCAL CALL NUMBER (RLIN)
Classification number (OCLC) (R) ; Classification number, CALL (RLIN) (NR) 330.121
Local cutter number (OCLC) ; Book number/undivided call number, CALL (RLIN) م ص ب
100 1# - MAIN ENTRY--PERSONAL NAME
Personal name المصباحي، غلام رضا،
Dates associated with a name 1951-
Relator term مؤلف.
245 10 - TITLE STATEMENT
Title موجز أسس الاقتصاد الإسلامي /
Statement of responsibility, etc. غلام رضا المصباحي، هادي العربي ؛ ترجمة أحمد فاضل السعدي، جمال محمد صالح اليوزبكي.
264 #1 - PRODUCTION, PUBLICATION, DISTRIBUTION, MANUFACTURE, AND COPYRIGHT NOTICE
Place of production, publication, distribution, manufacture قم، إيران :
Name of producer, publisher, distributor, manufacturer معهد البحوث الحوزة والجامعة،
Date of production, publication, distribution, manufacture, or copyright notice 1959
300 ## - PHYSICAL DESCRIPTION
Extent 138 صفحة ؛
Dimensions 24 سم
336 ## - CONTENT TYPE
Content type term نص
Content type code txt
Source rdacontent
Materials specified كتاب
337 ## - MEDIA TYPE
Media type term بدون وسيط
Media type code n
Source rdamedia
338 ## - CARRIER TYPE
Carrier type term مجلد
Carrier type code nc
Source rdacarrier
650 #7 - SUBJECT ADDED ENTRY--TOPICAL TERM
Topical term or geographic name entry element الاقتصاد الإسلامي
Source of heading or term aucsh
650 #7 - SUBJECT ADDED ENTRY--TOPICAL TERM
Topical term or geographic name entry element الإسلام والاقتصاد
Source of heading or term aucsh
700 1# - ADDED ENTRY--PERSONAL NAME
Personal name عربي، هادي
Relator term مؤلف.
700 1# - ADDED ENTRY--PERSONAL NAME
Personal name السعدي، أحمد فاضل
Relator term مترجم.
700 1# - ADDED ENTRY--PERSONAL NAME
Personal name اليوزبكي، جمال محمد صالح
Relator term مترجم.
942 ## - ADDED ENTRY ELEMENTS (KOHA)
Source of classification or shelving scheme Dewey Decimal Classification
Koha item type Books
Suppress in OPAC No
949 ## - LOCAL PROCESSING INFORMATION (OCLC)
a SA-JeALM
d 241220
u mohamedma123
n 1
Holdings
Withdrawn status Lost status Source of classification or shelving scheme Damaged status Not for loan Home library Current library Date acquired Total checkouts Full call number Barcode Date last seen Price effective from Koha item type
    Dewey Decimal Classification     DR AbdElwahab Library DR AbdElwahab Library 12/23/2024   330.121 م ص ب 000006018 12/23/2024 12/23/2024 Books